Все участники Кубка Фиферов - Statistics

General Stats
  • This quiz has been taken 14 times
  • The average score is 35 of 74
Answer Stats
Участник (-и) Количество участий Лучший результат % Correct
Амкал 3 победа (2022)
100%
2DROTS / HiJey & 13Kai 8 победа (2017, 2025)
100%
German 5 1/2 финала (2016)
90%
Губиньо 2 4 место (2024)
80%
Acool 10 1/2 финала (2018, 2019)
80%
Finito 8 финал (2016, 2023)
80%
Kefir 10 победа (2016, 2018)
80%
Klenoff 7 победа (2019, 2023)
80%
PandaFX 10 1/4 финала (2016, 2018, 2023, 2025)
80%
Sibskana 7 финал (2022, 2024)
80%
Пожарная команда 3 групповой этап (2025)
70%
BelkaEP 5 3 место (2023)
70%
Den4ik 9 1/4 финала (2016, 2017)
70%
Gena Miller 8 4 место (2025)
70%
Mbaype 5 1/4 финала (2021, 2024)
70%
Romaroy & Den4ik 1 швейцарка (2024)
70%
Stavr 5 победа (2021)
70%
Sxyter 3 победа (2020)
70%
Саша Шерман 1 1/8 финала (2025)
60%
Илья Шерман 1 швейцарка (2025)
60%
Broke Boys 1 швейцарка (2022)
60%
Favor1te 9 победа (2024)
60%
Forz9r 9 1/8 финала (2017, 2019, 2020, 2024)
60%
Goodmax 10 1/2 финала (2016, 2017)
60%
Krap Team 1 швейцарка (2022)
60%
Sherman's 4 1/8 финала (2023, 2024)
60%
Wylsacom 6 швейцарка (2020, 2021, 2022, 2023, 2024, 2025)
60%
Yozhyk 2 1/2 финала (2020)
60%
Гасилины 1 1/4 финала (2022)
50%
Площадка / Поз и Кос 2 швейцарка (2020, 2022)
50%
Гасилин 1 швейцарка (2024)
50%
Armenka 2 1/8 финала (2017)
50%
Babatumba 6 1/4 финала (2025)
50%
Evoneon 1 1/2 финала (2017)
50%
Faceless 4 1/4 финала (2017, 2022)
50%
Forlan 2 1/2 финала (2020)
50%
Gurkin 1 1/4 финала (2021)
50%
Jet FIFA 2 1/8 финала (2017, 2023)
50%
Low Low Cow 4 1/8 финала (2024)
50%
Mozz 6 1/2 финала (2021)
50%
RisenHAHA 5 1/8 финала (2020)
50%
Romaroy 5 1/4 финала (2018, 2019)
50%
Ruha 3 1/8 финала (2020, 2021)
50%
Нечай 2 групповой этап (2019)
40%
Дмитрий Егоров 1 швейцарка (2022)
40%
ФК 10 1 швейцарка (2025)
40%
ANTON ЧЕЙЗ 3 швейцарка (2023, 2024, 2025)
40%
Dmitry Lixxx 3 швейцарка (2023, 2024, 2025)
40%
Maxwell 6 1/8 финала (2020)
40%
Mr Klok 1 швейцарка (2020)
40%
ФК Деньги 1 швейцарка (2022)
30%
Чисто Питер 1 швейцарка (2024)
30%
ФК Банка 1 швейцарка (2025)
30%
Россия 23 1 швейцарка (2023)
30%
Badaev 1 1/8 финала (2017)
30%
Blatov 1 швейцарка (2022)
30%
Creative 1 швейцарка (2021)
30%
Felix FIFA 1 1/4 финала (2020)
30%
Stanos 5 1/8 финала (2021)
30%
Volq 2 швейцарка (2024, 2025)
30%
Родина Медиа 1 швейцарка (2023)
20%
Артпо & Ткачук 1 швейцарка (2024)
20%
Black Star 1 швейцарка (2023)
20%
Dachnik & Erik 1 1/8 финала (2023)
20%
Finargot 1 швейцарка (2021)
20%
Roni51 1 швейцарка (2025)
20%
Zhdan 2 швейцарка (2020, 2021)
20%
Саня ФИФА 2 групповой этап (2019)
10%
Крысева & Неклассико 2 швейцарка (2023, 2024)
10%
Lucker 2 швейцарка (2020, 2021)
10%
Rocket Team 1 швейцарка (2024)
10%
Магистр 1 1/8 финала (2025)
0%
Иван Чай 1 швейцарка (2025)
0%
Hoops 1 швейцарка (2024)
0%
No matching quizzes found
Score Distribution
Percent of People with Each Score
Percentile by Number Answered
Your Score History
You have not taken this quiz